<?xml version="1.0" encoding="UTF-8"?>
<record
    xmlns:xsi="http://www.w3.org/2001/XMLSchema-instance"
    xsi:schemaLocation="http://www.loc.gov/MARC21/slim http://www.loc.gov/standards/marcxml/schema/MARC21slim.xsd"
    xmlns="http://www.loc.gov/MARC21/slim">

  <leader>04823nam a2200265Ma 4500</leader>
  <datafield tag="999" ind1=" " ind2=" ">
    <subfield code="c">10110</subfield>
    <subfield code="d">10110</subfield>
  </datafield>
  <controlfield tag="001">833419884</controlfield>
  <controlfield tag="003">OCoLC</controlfield>
  <controlfield tag="005">20210215172023.0</controlfield>
  <controlfield tag="008">060110s2005    nyuabf   b    001 0 eng d</controlfield>
  <datafield tag="020" ind1=" " ind2=" ">
    <subfield code="a">0143036556 (pbk.)</subfield>
  </datafield>
  <datafield tag="020" ind1=" " ind2=" ">
    <subfield code="a">9780143036555 (pbk.)</subfield>
  </datafield>
  <datafield tag="040" ind1=" " ind2=" ">
    <subfield code="a">U9S</subfield>
    <subfield code="b">fre</subfield>
    <subfield code="c">U9S</subfield>
  </datafield>
  <datafield tag="050" ind1=" " ind2=" ">
    <subfield code="b">D537C</subfield>
  </datafield>
  <datafield tag="082" ind1="0" ind2="4">
    <subfield code="a">304.2/8</subfield>
    <subfield code="2">22</subfield>
    <subfield code="b">D537C</subfield>
  </datafield>
  <datafield tag="092" ind1=" " ind2=" ">
    <subfield code="a">304.28 Dia</subfield>
  </datafield>
  <datafield tag="100" ind1="1" ind2=" ">
    <subfield code="a">Diamond, Jared M.</subfield>
  </datafield>
  <datafield tag="245" ind1="1" ind2="0">
    <subfield code="a">Collapse :</subfield>
    <subfield code="b">how societies choose to fail or succeed /</subfield>
    <subfield code="c">Jared Diamond.</subfield>
  </datafield>
  <datafield tag="260" ind1=" " ind2=" ">
    <subfield code="a">New York :</subfield>
    <subfield code="b">Penguin,</subfield>
    <subfield code="c">c2005.</subfield>
  </datafield>
  <datafield tag="300" ind1=" " ind2=" ">
    <subfield code="a">xi, 575 p., [24] p. de pl. :</subfield>
    <subfield code="b">ill., cartes ;</subfield>
    <subfield code="c">22 cm.</subfield>
  </datafield>
  <datafield tag="505" ind1="0" ind2=" ">
    <subfield code="a">Prologue : a tale of two farms -- Two farms -- Collapses, past and present -- Vanished Edens? -- A five-point framework -- Businesses and the environment -- The comparative method -- Plan of the book -- pt. 1. Modern Montana -- 1. Under Montana's big sky -- Stan Falkow's story -- Montana and me -- Why begin with Montana? -- Montana's economic history -- Mining -- Forests -- Soil -- Water -- Native and non-native species -- Differing visions -- Attitudes towards regulation -- Rick Laible's story -- Chip Pigman's story -- Tim Huls's story -- John Cook's story -- Montana, model of the world</subfield>
  </datafield>
  <datafield tag="505" ind1="0" ind2=" ">
    <subfield code="a">Pt. 2. Past societies -- 2. Twilight at Easter -- The quarry's mysteries -- Easter's geography and history -- People and food -- Chiefs, clans, and commoners -- Platforms and statues -- Carving, transporting, erecting -- The vanished forest -- Consequences for society -- Europeans and explanations -- Why was Easter fragile? -- Easter as metaphor -- 3. The last people alive : Pitcairn and Henderson Islands -- Pitcairn before the Bounty -- Three dissimilar islands -- Trade -- The movie's ending -- 4. The ancient ones : the Anasazi and their neighbors -- Desert farmers -- Tree rings -- Agricultural strategies -- Chaco's problems and packrats -- Regional integration -- Chaco's decline and end -- Chaco's message -- 5. The Maya collapses -- Mysteries of lost cities -- The Maya environment -- Maya agriculture -- Maya history -- Copn -- Complexities of collapses -- Wars and droughts -- Collapse in the southern lowlands -- The Maya message -- 6. The Viking prelude and fugues -- Experiments in the Atlantic -- The Viking explosion -- Autocatalysis -- Viking agriculture -- Iron -- Viking chiefs -- Viking religion -- Orkneys, Shetlands, Faeroes -- Iceland's environment -- Iceland's history -- Iceland in context -- Vinland -- 7. Norse Greenland's flowering -- Europe's outpost -- Greenland's climate today -- Climate in the past -- Native plants and animals -- Norse settlement -- Farming -- Hunting and fishing -- An integrated economy -- Society -- Trade with Europe -- Self-image -- 8. Norse Greenland's end -- Introduction to the end -- Deforestation -- Soil and turf damage -- The Inuit's predecessors -- Inuit subsistence -- Inuit/Norse relations -- The end -- Ultimate causes of the end -- 9. Opposite paths to success -- Bottom up, top down -- New Guinea highlands -- Tikopia -- Tokugawa problems -- Tokugawa solutions -- Why Japan succeeded -- Other successes</subfield>
  </datafield>
  <datafield tag="505" ind1="0" ind2=" ">
    <subfield code="a">Pt. 3. Modern societies -- 10. Malthus in Africa : Rwanda's genocide -- A dilemma -- Events in Rwanda -- More than ethnic hatred -- Buildup in Kanama -- Explosion in Kanama -- Why it happened -- 11. One island, two peoples, two histories : the Dominican Republic and Haiti -- Differences -- Histories -- Causes of divergence -- Dominican environmental impacts -- Balaguer -- The Dominican environment today -- The future -- 12. China, lurching giant -- China's significance -- Background -- Air, water, soil -- Habitat, species, megaprojects -- Consequences -- Connections -- The future -- 13. "Mining" Australia -- Australia's significance -- Soils -- Water -- Distance -- Early history -- Imported values -- Trade and immigration -- Land degradation -- Other environmental problems -- Signs of hope and change</subfield>
  </datafield>
  <datafield tag="505" ind1="0" ind2=" ">
    <subfield code="a">Pt. 4. Practical lessons -- 14. Why do some societies make disastrous decisions? -- Road map for success -- Failure to anticipate -- Failure to perceive -- Rational bad behavior -- Disastrous values -- Other irrational failures -- Unsuccessful solutions -- Signs of hope -- 15. Big businesses and the environment : different conditions, different outcomes -- Resource extraction -- Two oil fields -- Oil company motives -- Hardrock mining operations -- Mining company motives -- Differences among mining companies -- The logging industry -- Forest Stewardship Council -- The seafood industry -- Businesses and the public -- 16. The world as a polder : what does it all mean to us today? -- Introduction -- The most serious problems -- If we don't solve them... -- Life in Los Angeles -- One-liner objections -- The past and the present -- Reasons for hope.</subfield>
  </datafield>
  <datafield tag="942" ind1=" " ind2=" ">
    <subfield code="2">ddc</subfield>
    <subfield code="c">BK</subfield>
  </datafield>
  <datafield tag="952" ind1=" " ind2=" ">
    <subfield code="0">0</subfield>
    <subfield code="1">0</subfield>
    <subfield code="2">ddc</subfield>
    <subfield code="4">0</subfield>
    <subfield code="7">0</subfield>
    <subfield code="8">NFIC</subfield>
    <subfield code="a">HMC</subfield>
    <subfield code="b">HMC</subfield>
    <subfield code="c">GEN</subfield>
    <subfield code="d">2021-02-17</subfield>
    <subfield code="o">304.28 D537C</subfield>
    <subfield code="p">011626</subfield>
    <subfield code="r">2021-02-17 00:00:00</subfield>
    <subfield code="w">2021-02-17</subfield>
    <subfield code="y">BK</subfield>
  </datafield>
</record>
